Statistiche per Riconosci la Capitale europea - Europa Occidentale

Clicka qui per fare il quiz!

Statistiche generali

  • Questo quiz è stato fatto 70 volte
  • Il punteggio medio è 11 su 21

Statistiche sulle risposte

Risposta% Corretto
Londra
98%
Città del Vaticano
92%
Parigi
90%
Amsterdam
87%
Berlino
82%
Roma
70%
Copenaghen
68%
Bruxelles
58%
Lisbona
58%
San Marino
52%
Madrid
48%
Stoccolma
42%
Berna
33%
Reykjavík
32%
Vienna
30%
Lussemburgo
28%
Oslo
28%
Helsinki
22%
Vaduz
22%
Dublino
18%
La Valletta
15%

Distribuzione punteggi

Percentile per numero di risposta

Percentuale di utenti per punteggio

I tuoi punteggi nel tempo

Non hai fatto questo quiz